000 00710nam a2200205Ii 4500
003 JO-AjNU
008 230605s9999||||xx |||||||||||||| ||und||
017 _a2005/10/2559
040 _aJO-AjNU
_bara
_erda
_cJO-AjNU
041 _aara
050 1 4 _aTX911.3 2006
100 3 _aالطائي، حميد عبدالنبي ,
_eauthor
_951351
245 0 0 _aمدخل الى ادارة الفنادق=introduction to the hotel management
264 3 1 _aعمان:دار الوراق للنشر والتوزيع ،2006
300 _a364ص
336 _atext
_btxt
_2rdacontent
337 _aunmediated
_bn
_2rdamedia
338 _avolume
_bnc
_2rdacarrier
650 4 _aادارة الفنادق-الفنادق
_951352
999 _aA22676
_c26244
_d26244